Piłkarska kariera Daniego Alvesa. - Statystyki

Ogólne statystyki
  • Ten quiz został rozwiązany 109 razy
  • Średni wynik to 5 z 8
Statystyki odpowiedzi
Lata Drużyna % Poprawnych
2008-2016 Barcelona
98%
2017-2019 PSG
92%
2016-2017 Juventus
85%
2002-2002 Sevilla
63%
2003-2008 Sevilla
63%
2019-? Sao Paulo
58%
2001-2002 Bahia
13%
2002-2003 Bahia
13%
Nie znaleziono quizów pasujących do podanych kryteriów
Rozkład punktacji
Procent ludzi z każdym wynikiem
Percentyl według liczby udzielonych odpowiedzi
Twoja historia wyników
Nie rozwiązałeś tego quizu